| 000 | 01336cam a2200277 a 4500 | ||
|---|---|---|---|
| 999 |
_c684 _d684 |
||
| 001 | 2037489 | ||
| 003 | OSt | ||
| 005 | 20191014155605.0 | ||
| 008 | 161128s2016 enka cd 000 1 eng | ||
| 020 |
_a9780141373027 _q(international hbk.) : |
||
| 020 |
_a0141373024 _q(interenational hbk.) |
||
| 040 |
_aDLC _beng _cKH8 |
||
| 042 | _anbic | ||
| 082 | 0 | 0 |
_aFIC KIN _223 |
| 100 | 1 |
_aKinney, Jeff. _eauthor |
|
| 245 | 1 | 0 |
_aDiary of a Wimpy kid : _bdouble down / _cJeff Kinney. |
| 246 | 3 | 1 | _aDouble down. |
| 260 |
_aLondon : _bPuffin, _c2016. |
||
| 300 |
_a217 p. : _bill. ; _c21 cm. |
||
| 490 | 1 |
_aDiary of a wimpy kid ; _v11. |
|
| 520 | _aThe pressure's really piling up on Greg Heffley. His mom thinks video games are turning his brain to mush, so she wants her son to put down the controller and explore his creative side. As if that's not scary enough, Halloween's just around the corner and the frights are coming at Greg from every angle. When Greg discovers a bag of gummy worms, it sparks an idea. Can he get his mom off his back by making a movie ... and will he become rich and famous in the process? Or will doubling down on this plan just double Greg's troubles? | ||
| 650 | 0 |
_aMiddle school students _vJuvenile fiction. |
|
| 650 | 0 |
_aHalloween _vJuvenile fiction. |
|
| 830 | 0 |
_aDiary of a wimpy kid ; _v11. |
|
| 942 |
_2ddc _cFIC |
||